[Event "URU-ch Semi Final 2020"]
[Site "Montevideo"]
[Date "2020.02.22"]
[Round "3.3"]
[White "Vazquez, Facundo"]
[Black "Carbone, Diego"]
[Result "1/2-1/2"]
[WhiteElo "2155"]
[BlackElo "2239"]
[Annotator "TA"]
[PlyCount "56"]
[EventDate "2020.02.22"]
[EventType "swiss"]
[EventCountry "URU"]
[SourceTitle "playchess.com"]
[Source "ChessBase"]
[SourceQuality "1"]

{[%evp 18,56,38,13,34,43,46,27,37,23,45,55,45,8,0,0,85,-40,-52,-33,-31,-54,-32,-53,-58,-84,-84,-82,-91,-121,-78,-77,0,0,10,15,15,0,0,0,15]} 1. d4 Nf6 2. c4 g6 3. g3 Bg7 4. Bg2 O-O 5. Nc3 d6 6. Nf3 Nc6 7. O-O a6 8. h3 Bd7 9. e4 e5 10. d5 Nd4 {E63: King's Indian: Fianchetto: Panno Variation with 7...a6.} (10... Ne7 11. Ne1 Ne8 12. Nd3 f5 13. f4 exf4 14. Bxf4 b5 15. cxb5 axb5 16. e5 b4 17. Ne2 h6 18. h4 Qb8 19. Nd4 Ra5 20. Nb3 Qa7+ 21. Kh1 Rxa2 22. Nxb4 Rxa1 23. Qxa1 Qxa1 24. Rxa1 dxe5 {0-1 (76) Vazquez,F (2019)-Carbone,D (2256) Montevideo 2019}) 11. Nxd4 exd4 12. Qxd4 Qc8 $1 {White has an edge.} 13. h4 Ng4 14. Qd1 b5 15. cxb5 (15. f3 $5 {[%cal Rf3g4]} Ne5 16. c5 $11) 15... axb5 16. Ne2 Ra4 {[#]} (16... Qa6 $11) 17. Bd2 $146 (17. f3 $1 $16) ({Predecessor:} 17. f3 Ne5 18. b3 Ra6 19. Be3 f5 20. f4 Ng4 21. Bd4 Bxd4+ 22. Qxd4 Qe8 23. e5 {½-½ (61) Neverov,V (2527)-Bologan,V (2679) Moscow 2004}) 17... Bxb2 $15 18. Rb1 Bg7 19. Bc3 Nf6 (19... Ne5 {keeps more tension.} 20. Nd4 Qa6 21. Nc2 Qb6 22. Nb4 Nc4) 20. Nd4 Qa6 21. Re1 Rxa2 22. Bf1 {[%cal Rd4b5]} Rb8 23. Re2 Rxe2 24. Qxe2 Qb6 (24... Qa3 $17 25. Bb2 Qa7) 25. Nxb5 $11 {[#] Threatens to win with Qf3.The position is equal.} Bxb5 26. Qf3 Qa7 {And now ...Bxf1 would win.} 27. Bxf6 Bxf1 28. Rxf1 Qc5 {Accuracy: White = 65%, Black = 80%.} 1/2-1/2

[Event "URU-ch Semi Final 2020"]
[Site "Montevideo"]
[Date "2020.02.22"]
[Round "3.4"]
[White "Lopez Azambuja, Nicolas"]
[Black "Curi, Gabriel"]
[Result "1-0"]
[WhiteElo "2310"]
[BlackElo "2132"]
[Annotator "TA"]
[PlyCount "55"]
[EventDate "2020.02.22"]
[EventType "swiss"]
[EventCountry "URU"]
[SourceTitle "playchess.com"]
[Source "ChessBase"]
[SourceQuality "1"]

{[%evp 12,55,23,20,25,25,32,21,28,2,25,20,30,10,0,0,23,22,20,6,20,-25,-22,-22,-5,-39,-15,-16,0,0,31,0,0,2,62,8,86,83,85,95,77,85,94,92,597,591]} 1. d4 d5 2. c4 c6 3. Nf3 Nf6 4. Qb3 dxc4 5. Qxc4 Bf5 6. g3 e6 7. Bg2 h6 {D23: Queen's Gambit Accepted: 3 Nf3 Nf6 sidelines.} 8. O-O Be7 9. e3 O-O {The position is equal.} 10. Qe2 Nbd7 11. Nc3 {11.Rd1 injects fresh life into this line.} Ne4 12. Ne1 (12. Nd2 {is more complex.} Nef6 13. e4 Bg6 14. Rd1 b5 15. Nb3) 12... Nxc3 13. bxc3 {[#]} Rc8 $146 ({Predecessor:} 13... e5 14. e4 Bh7 15. f4 exf4 16. gxf4 f5 17. e5 Kh8 18. Be3 Bg8 19. c4 Qa5 {1-0 (45) Koykka,P (2304)-Topi Hulmi,T (2231) Finland 2014}) 14. e4 Bh7 15. Nd3 c5 16. Bb2 Qa5 17. Rfd1 Qa4 18. d5 c4 19. Nf4 exd5 20. Nxd5 Rfe8 21. Bh3 {Threatens to win with Bxd7.} Rcd8 $1 22. Rd4 Bc5 (22... Bd6 $1 $11) 23. Rxc4 (23. Bxd7 $1 $14 Rxd7 24. Nf6+ $1 {[%mdl 512]} (24. Rxc4 Qa6 $15) 24... gxf6 25. Qg4+ {[%mdl 64] Double Attack} Bg6 26. Qxd7 Qxd7 27. Rxd7) 23... Qa5 {[#]} (23... Qc6 $1 $11 {remains equal.}) 24. Bxd7 $1 $16 Rxd7 25. Nf6+ $1 gxf6 26. Qg4+ {[%mdl 64] Double Attack} Kf8 27. Qxd7 {Bc1 is the strong threat.} Rd8 $2 {[%mdl 8192] [#]} (27... Bxf2+ $16 28. Kf1 (28. Kxf2 Qb6+ 29. Kf1 Qxb2 $11) 28... Bb6) 28. Rxc5 $1 {Accuracy: White = 70%, Black = 68%.} 1-0

[Event "URU-ch Semi Final 2020"]
[Site "Montevideo"]
[Date "2020.02.22"]
[Round "3.5"]
[White "Izquierdo, Daniel"]
[Black "Lanzilotta, Marcelo"]
[Result "1-0"]
[WhiteElo "2134"]
[BlackElo "2003"]
[Annotator "TA"]
[PlyCount "53"]
[EventDate "2020.02.22"]
[EventType "swiss"]
[EventCountry "URU"]
[SourceTitle "playchess.com"]
[Source "ChessBase"]
[SourceQuality "1"]

{[%evp 18,53,0,0,0,0,0,0,0,0,-10,-14,37,0,0,-56,-27,-54,0,-35,0,0,0,0,17,0,945,944,912,917,927,894,29989,29985,29997,29998,29998,29999]} 1. d4 c5 2. e3 cxd4 3. exd4 d5 4. c4 Nc6 5. Nf3 Nf6 6. Nc3 e6 7. Bd3 Be7 8. O-O Nb4 9. Be2 dxc4 10. Bxc4 O-O {C07: French Tarrasch: 3...c5, 4 Ngf3 and 4 exd5 Qxd5.} 11. a3 Nbd5 {[#]} 12. Qd3 $146 ({Predecessor:} 12. Re1 b6 13. Qe2 Bb7 14. Ne5 a6 15. Ba2 Rc8 16. Bd2 b5 17. Bb1 Nxc3 18. bxc3 {½-½ (50) Diez,G (2032)-Tischer,C (1666) Frankfurt 2012}) 12... a6 {The position is equal.} 13. Bb3 b5 {[%cal Bb7b5,Bb5b4][%mdl 32]} 14. Bg5 h6 (14... Bb7 $11) 15. Bd2 Bb7 16. Bc2 (16. Ne5 $11) 16... Qc7 17. Ne5 Rac8 (17... Nxc3 $15 18. Bxc3 Be4) 18. Rfe1 (18. Ng4 $5 Kh8 19. Rac1 $11) 18... b4 (18... Bxa3 $5 19. Nxd5 (19. Rxa3 $2 Nb4 $19) 19... Bxd5 20. Rxa3 Qxc2 $15) 19. Nxd5 Bxd5 20. Rac1 $40 {[%mdl 128] [#] aiming for Ng4! White attacks.} Qb7 21. Ng4 {Nxf6+ would kill now.} Rfd8 $2 {[%mdl 8192]} (21... Rxc2 $11 22. Nxf6+ Bxf6 23. Rxc2 (23. Qxc2 bxa3 24. bxa3 Bxg2 $11) 23... bxa3) 22. Nxf6+ $18 Bxf6 23. Qh7+ Kf8 24. Bxb4+ Ke8 25. Ba4+ {White mates.} Bc6 26. Qg8+ Kd7 27. Qxf7+ {[%mdl 64] Double Attack. Accuracy: White = 69%, Black = 51%.} 1-0

[Event "URU-ch Semi Final 2020"]
[Site "Montevideo"]
[Date "2020.02.22"]
[Round "3.7"]
[White "Garcia, Matias"]
[Black "Lopez Falcon, Jorge"]
[Result "0-1"]
[WhiteElo "1810"]
[BlackElo "2119"]
[Annotator "TA"]
[PlyCount "92"]
[EventDate "2020.02.22"]
[EventType "swiss"]
[EventCountry "URU"]
[SourceTitle "playchess.com"]
[Source "ChessBase"]
[SourceQuality "1"]

{[%evp 11,92,-7,-3,-19,-15,-25,-20,-14,0,-51,-22,-16,23,21,14,-44,0,-98,-73,-83,-79,-110,-120,-125,-124,-136,-130,-145,-113,-101,-100,-108,-104,-153,-140,-164,-163,-181,-181,-177,-176,-187,-187,-187,-178,-216,-202,-177,-150,-144,-149,-229,-244,-227,-131,-810,-798,-409,-463,-751,-735,-758,-737,-735,-709,-613,-658,-5441,-5410,-29980,-29981,-29986,-29986,-29986,-29987,-29989,-29989,-29989,-29990,-29990,-29991,-29991,-29990]} 1. e4 c5 2. Nc3 g6 3. f4 Bg7 4. Nf3 Nc6 5. Bb5 Nd4 6. O-O a6 7. Be2 {B23: Closed Sicilian: Lines without g3.} e6 8. e5 d6 9. Ne4 {[#] The position is equal.} dxe5 $146 ({Predecessor:} 9... Nxf3+ 10. Rxf3 dxe5 11. Rd3 Qc7 12. Nd6+ Kf8 13. Qf1 exf4 14. Qxf4 Bd4+ 15. Rxd4 cxd4 {0-1 (47) Hrabusa,M (2310)-Meszaros,M (2388) Slovakia 2016}) 10. fxe5 (10. Nxe5 $11 Nf6 11. d3) 10... Nxf3+ $15 11. Bxf3 Qd4+ 12. Kh1 {Strongly threatening Nd6+.} Qxe5 ({Much worse is} 12... Bxe5 13. c3 $16) 13. d3 ({Better is} 13. c3 $11) 13... Nf6 (13... f5 $5 {[%cal Rf5e4]} 14. Nd2 Ne7 $15) 14. c3 (14. Nxf6+ $11 {remains equal.} Bxf6 15. Bd2 Qxb2 16. Rb1) 14... Nxe4 $17 15. Bxe4 Qc7 16. Qe2 O-O 17. Be3 Bd7 18. Qf2 Rac8 19. Rad1 b5 20. d4 cxd4 21. Bxd4 Bxd4 22. Rxd4 e5 23. Rd2 {[#]} Be6 $1 24. Bd5 Bxd5 25. Rxd5 Rcd8 26. Rfd1 Rxd5 27. Rxd5 $19 {[%mdl 4096] Endgame KQR-KQR} Re8 28. h3 Qc4 29. Qc5 Qf1+ ({Don't do} 29... Qxa2 30. Rxe5 Rxe5 31. Qxe5 $17) 30. Kh2 e4 {...e3 is the strong threat.} 31. Qc6 (31. Qe3 $17 {was necessary.}) 31... Qf4+ 32. Kg1 {[#]} Qb8 (32... Qe3+ $1 $19 33. Kh2 Re6) 33. Kf2 $2 {[%mdl 8192] Now White is beyond hope.} (33. Qd6 $17) 33... e3+ 34. Ke2 Re6 35. Qc5 Qg3 36. Rd8+ Kg7 37. Qf8+ Kf6 38. Qh8+ Kg5 {( -> ...Qf2+)} 39. Rd5+ f5 40. h4+ Kxh4 {Black mates.} 41. Rd4+ Kg5 42. Qd8+ Kh5 43. Qd7 Qf2+ 44. Kd1 e2+ 45. Kc2 e1=Q+ 46. Kb3 Re7 {Accuracy: White = 57%, Black = 78%.} 0-1

[Event "URU-ch Semi Final 2020"]
[Site "Montevideo"]
[Date "2020.02.22"]
[Round "3.8"]
[White "Larrea, Daniela"]
[Black "Coppola, Claudio"]
[Result "0-1"]
[WhiteElo "1757"]
[BlackElo "2314"]
[Annotator "TA"]
[PlyCount "40"]
[EventDate "2020.02.22"]
[EventType "swiss"]
[EventCountry "URU"]
[SourceTitle "playchess.com"]
[Source "ChessBase"]
[SourceQuality "1"]

{[%evp 18,40,52,0,15,33,27,-32,-45,-39,-35,-37,-46,-52,-61,-153,-147,-146,-140,-343,-373,-350,-350,-343,-202]} 1. d4 Nf6 2. c4 c5 3. d5 b5 4. cxb5 a6 5. b6 e6 6. Nc3 Nxd5 7. Nxd5 exd5 8. Qxd5 Nc6 9. Nf3 Rb8 10. Ne5 {[%csl Ge5][%cal Rd5f7] [#]} Qf6 $1 {A57: Benko/Volga Gambit.} 11. Nxc6 dxc6 12. Qg5 (12. Qf3 $11) 12... Be7 $15 {Black is slightly better.} 13. Qxf6 Bxf6 14. e4 Rxb6 15. Rb1 Be6 {[#]} 16. a3 $146 (16. b3 $15) ({Predecessor:} 16. Bd3 O-O 17. O-O Rd8 18. Be2 Rd4 19. Be3 Rxe4 20. Bxc5 Rxb2 21. Bd3 Ra4 22. Rxb2 Bxb2 {0-1 (41) Pereszlenyi,G (2045)-Kukel,I (2255) Slovakia 2010}) 16... c4 $17 17. f4 {White wants to play f5.} c3 $36 {[%mdl 2048] White must now prevent ...Ba2. Black is in control.} 18. b4 $2 (18. e5 $17 {keeps fighting.} Bxe5 19. Bd3 (19. fxe5 Bf5 $17) 19... cxb2 20. fxe5 bxc1=Q+ 21. Rxc1) 18... c2 $19 19. Rb2 Bxb2 20. Bxb2 {[#]} a5 {Accuracy: White = 44%, Black = 89%.} (20... c5 $142 $1 21. f5 (21. bxc5 Rxb2) 21... Rd6) 0-1

[Event "URU-ch Semi Final 2020"]
[Site "Montevideo"]
[Date "2020.02.22"]
[Round "3.9"]
[White "Muniz, Rafael"]
[Black "Ruggiero, Alvaro"]
[Result "1-0"]
[WhiteElo "2232"]
[BlackElo "1843"]
[Annotator "TA"]
[PlyCount "65"]
[EventDate "2020.02.22"]
[EventType "swiss"]
[EventCountry "URU"]
[SourceTitle "playchess.com"]
[Source "ChessBase"]
[SourceQuality "1"]

{[%evp 9,65,46,73,59,58,57,112,85,112,66,66,56,99,100,111,79,127,112,127,81,91,62,91,81,103,97,142,137,135,122,123,54,141,117,137,75,78,77,102,88,272,194,189,170,452,442,644,566,29984,29986,29989,2575,1807,1807,1307,1312,29980,1076]} 1. d4 d5 2. Nc3 e6 3. e4 c6 4. Nf3 b6 5. Bd3 Ba6 6. O-O {B15: Caro-Kann: 3 Nc3: 3...g6 and 3...dxe4 4 Nxe4 Nf6 5 Nxf6+ exf6.} Bxd3 7. Qxd3 dxe4 (7... Be7 $14) 8. Nxe4 $16 {White is better.} Nf6 {[#]} 9. c4 $146 ({Predecessor:} 9. Nxf6+ Qxf6 10. d5 exd5 11. Re1+ Kd7 12. Bg5 {1-0 (12) Akots,G (2250)-Javor,S (2249) Hungary 2011}) 9... Be7 10. Bf4 Nxe4 11. Qxe4 O-O 12. Rad1 Bf6 13. Rfe1 Qc8 14. Rd3 Nd7 15. Bd6 Re8 16. Ne5 Bxe5 17. dxe5 $40 {[%mdl 128] White has strong attack.} Nc5 18. Bxc5 $1 bxc5 19. Red1 Qa6 20. b3 (20. R1d2 $16) 20... Rac8 (20... Qxa2 $14 21. Qxc6 Qa5) 21. R3d2 Qa3 22. g3 ({White should play} 22. f4) 22... a5 23. Kg2 h6 24. g4 Qb4 $2 {A mistake that costs the game.} (24... a4 $16) 25. Rd3 Qb8 26. g5 $1 {[%cal Rg5h6] aiming for gxh6.} Rcd8 $2 (26... h5 27. g6 Rf8) 27. gxh6 $18 Rxd3 (27... Rd4 $142 28. Rxd4 cxd4 29. Qxd4 gxh6) 28. Rxd3 {White wants to mate with Rg3! KQR-KQR} ({Not} 28. Qxd3 Qxe5 29. hxg7 Kxg7 $14) 28... Qc7 29. hxg7 Qe7 30. Qg4 (30. Qf4 $142 Qd8 {[#]} 31. Qh6 $1 {[%mdl 512]} f5 32. Rg3 Qh4 33. Qxh4 Rb8 34. Qh8+ Kf7 35. Qxb8 Ke7 36. Qd6+ $1 {[%mdl 576] Double Attack} Kf7 37. g8=Q#) 30... f5 31. exf6 Qxf6 {[#]} 32. Qh5 $1 {[%mdl 64] Double Attack} Rc8 33. Qh8+ {Accuracy: White = 57%, Black = 36%.} 1-0

[Event "URU-ch Semi Final 2020"]
[Site "Montevideo"]
[Date "2020.02.22"]
[Round "3.10"]
[White "Guerrero, Alvaro"]
[Black "Davila Texeira, Mario"]
[Result "1-0"]
[WhiteElo "2094"]
[BlackElo "1819"]
[Annotator "TA"]
[PlyCount "59"]
[EventDate "2020.02.22"]
[EventType "swiss"]
[EventCountry "URU"]
[SourceTitle "playchess.com"]
[Source "ChessBase"]
[SourceQuality "1"]

{[%evp 15,59,15,16,8,38,36,37,44,51,23,47,12,23,19,48,48,116,107,111,106,182,183,181,122,167,149,269,159,391,176,198,194,173,158,197,145,619,617,597,329,393,382,711,583,794,774]} 1. d4 f5 2. Nf3 Nf6 3. c4 e6 4. e3 d5 5. Be2 c6 6. O-O Bd6 7. b3 Qe7 8. Bb2 O-O 9. Qc1 {A84: Dutch Defence: 2 c4 Miscellaneous.} Nbd7 10. Ne5 Ne4 11. f3 {[#] White is slightly better.} Nef6 $146 ({Predecessor:} 11... Ng5 12. Nxd7 Bxd7 13. Ba3 Rac8 14. Bxd6 Qxd6 15. Qa3 c5 16. h4 Nf7 17. f4 dxc4 18. dxc5 Qxc5 19. Qxc5 Rxc5 20. Bxc4 {½-½ (54) Carow,A (2028)-Beltz,M (2100) Gladenbach 2013}) 12. Na3 a5 13. Bd3 g5 14. Nc2 Ne8 15. f4 Bxe5 (15... Qg7 $14) 16. dxe5 $16 Rf7 17. Ba3 Qd8 (17... Nc5 $16) 18. Nd4 $36 {[%mdl 2048] White is really pushing.} Nf8 19. Qc2 (19. cxd5 $18 cxd5 20. g4) 19... Bd7 20. Rad1 Ng6 (20... g4 $16 21. g3 Ng6) 21. g3 (21. Bxf5 $18 Rxf5 22. Nxf5 exf5 23. cxd5) 21... h5 $2 {[#]} (21... Nc7 $16 {keeps fighting.} 22. Bd6 Ne8) 22. Nf3 (22. Bxf5 $142 $1 {[%mdl 512]} exf5 23. e6 Bxe6 24. Nxe6) 22... g4 23. Ng5 Rg7 24. Bb2 Nc7 25. a3 ({Better is} 25. Bd4 $18) 25... c5 $2 {[%mdl 8192] Now Black is done in.} (25... Nf8 $16) 26. cxd5 Nxd5 27. Qxc5 Rc8 28. Qd4 Qe8 $2 {[#]} (28... Nge7 29. e4 fxe4) 29. Bxf5 $1 {[%mdl 512]} Nc7 (29... exf5 30. Qxd5+) 30. Ne4 {Accuracy: White = 52%, Black = 24%.} 1-0

[Event "URU-ch Semi Final 2020"]
[Site "Montevideo"]
[Date "2020.02.22"]
[Round "3.11"]
[White "Palacio, Enzo"]
[Black "Suarez, Pedro"]
[Result "1/2-1/2"]
[WhiteElo "1869"]
[BlackElo "2063"]
[Annotator "TA"]
[PlyCount "50"]
[EventDate "2020.02.22"]
[EventType "swiss"]
[EventCountry "URU"]
[SourceTitle "playchess.com"]
[Source "ChessBase"]
[SourceQuality "1"]

{[%evp 23,50,36,52,-12,63,40,45,30,80,2,11,-12,-5,-4,-12,-14,70,50,60,44,72,74,91,56,82,93,95,82,89]} 1. e4 e6 2. d4 d5 3. Nd2 Nf6 4. e5 Nfd7 5. Bd3 c5 6. c3 Nc6 7. Ne2 cxd4 8. cxd4 f6 9. exf6 Qxf6 10. Nf3 h6 11. O-O Bd6 12. Ng3 O-O 13. Re1 {C06: French Tarrasch: 3...Nf6 4 e5 Nfd7 5 Bd3 main lines.} ({White should play} 13. Bc2 $14) 13... Rf7 ({Don't go for} 13... Nxd4 $2 14. Nxd4 Bxg3 15. hxg3 $18) (13... e5 $11) 14. Bc2 Nf8 15. Nh5 {White is slightly better.} Qd8 {[#]} 16. a3 (16. Ne5 $1 $16 {[%cal Re5f7]} Bxe5 17. dxe5) 16... Bd7 $1 $11 17. Ne5 Nxe5 18. dxe5 Bc5 19. Be3 {[#]} Qb6 $146 ({Better is} 19... Rc8 $1 $11) ({Predecessor:} 19... Rc8 20. Bxc5 Rxc5 21. Rc1 Qb6 22. Qd2 Be8 23. Bd3 Rxc1 24. Rxc1 Rc7 25. Ng3 Rxc1+ 26. Qxc1 {½-½ (88) Bellia,F (2420)-Norlin,E (2186) Stockholm 2014}) 20. Bxc5 $14 Qxc5 21. Qd2 Be8 22. Rac1 {[#] Black must now prevent Bh7+!} Qe7 23. Nf4 Qg5 24. g3 Rd7 25. h4 Qe7 {Accuracy: White = 71%, Black = 54%.} 1/2-1/2

[Event "URU-ch Semi Final 2020"]
[Site "Montevideo"]
[Date "2020.02.22"]
[Round "3.13"]
[White "Manteiga, Franco"]
[Black "Dotta, Gian Franco"]
[Result "1/2-1/2"]
[WhiteElo "1703"]
[BlackElo "2000"]
[Annotator "TA"]
[PlyCount "76"]
[EventDate "2020.02.22"]
[EventType "swiss"]
[EventCountry "URU"]
[SourceTitle "playchess.com"]
[Source "ChessBase"]
[SourceQuality "1"]

{[%evp 24,75,39,47,41,27,27,12,8,0,57,50,60,75,88,80,77,70,158,88,84,64,74,51,59,77,66,70,67,-46,0,-29,-36,-85,-88,-164,-152,-564,-564,-564,-560,-859,-794,-29987,-1477,-29988,-29989,-29989,-29982,-5235,0,-29998,0,0]} 1. d4 Nf6 2. c4 g6 3. Nc3 Bg7 4. e4 d6 5. Nf3 O-O 6. Be2 e5 7. O-O Nc6 8. d5 Ne7 9. b4 a5 10. bxa5 Rxa5 11. a4 Nh5 12. Re1 Nf4 13. Bf1 f5 {E97: King's Indian: Classical Main Line (6...e5 7 0-0 Nc6): 8 Be3 and 8 d5 Ne7, not 9 Ne1.} 14. Bxf4 exf4 {[#]} 15. Rc1 $146 ({Predecessor:} 15. e5 g5 16. Qd2 g4 17. exd6 cxd6 18. Nd4 Ng6 19. Rab1 Qf6 20. Ncb5 Rxa4 21. Ne6 {1-0 (33) Savchenko,S (2574)-Stets,D (2403) Alushta 2000}) 15... fxe4 16. Nxe4 h6 (16... b6 $11) 17. c5 $14 Nf5 18. Qb3 Kh7 19. Qb4 Ra8 20. cxd6 (20. Bb5 {looks sharper.} g5 21. h3 Kh8 22. Bd3 dxc5 23. Qxc5 Nh4 24. Nxh4 gxh4 25. Qxc7 Qxd5 26. Qd6) 20... Nxd6 {[#]} (20... cxd6 $14 21. Ned2 Bd7) 21. Nxd6 (21. Nc5 $142 $1) 21... Qxd6 $16 22. Qxd6 cxd6 23. Re7 {Strongly threatening Rcc7.} Rxa4 24. Rcc7 Rg8 25. Nd2 Bf5 $1 26. Rxb7 (26. g4 $1 $14 fxg3 27. hxg3) 26... Rd4 27. Nf3 (27. Nc4 $5 {[%cal Rc4d6]}) 27... Rd1 28. Ne1 g5 29. Bb5 (29. g4 $17 fxg3 30. hxg3) 29... Kg6 $19 {Hoping for ...Be5.} 30. Be8+ $2 {[#]} (30. h4 $17) 30... Rxe8 $1 {[%mdl 512]} 31. Rxe8 Be5 {[%cal Rd1e1]} 32. Rg8+ {[#]} Kh5 $1 {[%cal Rd1e1][%mdl 512]} 33. h3 Rxe1+ 34. Kh2 f3+ 35. g3 {[#]} Bxh3 $1 {[%mdl 512]} 36. Rb4 (36. Kxh3 Rh1#) 36... Bg2 {[#]} 37. Rh4+ $1 {[%mdl 512]} gxh4 38. Rg5+ $1 hxg5 {Accuracy: White = 49%, Black = 77%.} 1/2-1/2

[Event "URU-ch Semi Final 2020"]
[Site "Montevideo"]
[Date "2020.02.22"]
[Round "3.14"]
[White "Durante, Aurelio"]
[Black "Miraballes Lopez, Andres"]
[Result "1-0"]
[WhiteElo "1955"]
[BlackElo "1676"]
[Annotator "TA"]
[PlyCount "81"]
[EventDate "2020.02.22"]
[EventType "swiss"]
[EventCountry "URU"]
[SourceTitle "playchess.com"]
[Source "ChessBase"]
[SourceQuality "1"]

{[%evp 11,81,78,60,42,40,35,32,14,22,-24,0,-20,-23,-17,-8,-34,-22,-24,-21,-85,-8,-23,-10,-28,69,-23,55,-21,553,542,648,641,1935,1395,1233,417,384,342,411,417,434,426,606,618,600,614,631,617,662,606,705,691,1056,1052,1749,1651,2441,849,794,524,5260,885,1229,1189,953,874,1635,1137,29998,29999,29999,29999]} 1. e4 c5 2. Nf3 d6 3. c3 Nc6 4. d4 cxd4 5. cxd4 g6 6. Nc3 Bg7 7. h3 {B22: Sicilian: 2 c3.} e6 {[#]} 8. a3 $146 ({Predecessor:} 8. Be3 Nge7 9. Be2 O-O 10. O-O d5 11. e5 Nf5 12. Bf4 f6 13. Qd2 fxe5 14. dxe5 a6 {1-0 (30) Zhigalko,S (2655)-Narva,M (2048) Minsk 2015}) 8... Nge7 9. Be3 {White is slightly better.} d5 10. exd5 Nxd5 11. Nxd5 Qxd5 12. Rc1 O-O 13. Rc5 Qd6 14. Bb5 Ne7 15. O-O (15. Qc1 $11 {keeps the balance.} Nd5 16. O-O) 15... Rd8 (15... b6 $17 16. Rc1 Bb7) 16. Qc2 Nd5 17. Ng5 Bf8 (17... b6 $11 18. Rc4 Bb7) 18. Qe2 ({White should play} 18. Ne4 $14 Qb6 19. Bg5) 18... a6 (18... h6 $11 19. Nf3 Bd7) 19. Bd3 (19. Ne4 $14 Qb6 20. Bc4 Nxe3 21. fxe3) 19... Nf4 $2 {[%mdl 8192] A mistake that costs the game.} (19... Bg7 $11 {and Black stays safe.}) 20. Qf3 $18 Qd7 21. Ne4 (21. Bxf4 Bxc5 22. Be5 f5 $16) 21... Nh5 22. Rxh5 {White threatens Nf6+! and mate.} Bg7 23. Rh4 (23. Nf6+ $142 Kf8 24. Nxd7+ Rxd7 25. Rxh7) 23... f5 24. Nc3 Bf6 25. Rh6 Qg7 26. Bc4 g5 (26... Ra7 $142 27. Bb3 b5) 27. Rxf6 Qxf6 {[#]} 28. Ne4 $1 {[%mdl 512]} Qg6 (28... fxe4 29. Qxf6) 29. Nc5 f4 30. Bc1 Rxd4 31. b3 Rb8 32. Bb2 Rd8 33. Re1 b5 34. Bxe6+ (34. Qc3 $142 Re8 {[#]} 35. Nxe6 $1 {[%mdl 512]} Bxe6 36. Bxe6+ Rxe6 37. Rxe6 Kf7 38. Rxg6 hxg6 39. Qf6+ $1 {[%mdl 512]} Ke8 40. Qe6+ Kd8 41. Bf6+ Kc7 42. Be5+ {[%mdl 64] Skewer, Discovered Attack} Kd8 43. Bxb8 f3 44. Bd6 fxg2 45. Qe7+ {[%mdl 64] Double Attack} Kc8 46. Qc7#) 34... Bxe6 35. Nxe6 Re8 {and if ...Rb6 works, Black does fine.} 36. Qc3 (36. Qd5 $142 Qf7 37. Qxg5+ {[%mdl 64] Double Attack} Qg6 38. Qd5) 36... Kf7 37. Qc7+ Kg8 38. Qe5 Kf7 39. Nxg5+ Kf8 40. Qh8+ {[%mdl 64] Double Attack} Qg8 {[#]} 41. Qf6+ $1 {Accuracy: White = 51%, Black = 21%.} 1-0

[Event "URU-ch Semi Final 2020"]
[Site "Montevideo"]
[Date "2020.02.22"]
[Round "3.15"]
[White "Salguero, Rafael"]
[Black "Torales, Agustin"]
[Result "1-0"]
[WhiteElo "1906"]
[BlackElo "1623"]
[Annotator "TA"]
[PlyCount "75"]
[EventDate "2020.02.22"]
[EventType "swiss"]
[EventCountry "URU"]
[SourceTitle "playchess.com"]
[Source "ChessBase"]
[SourceQuality "1"]

{[%evp 17,75,36,52,38,54,41,50,37,54,54,62,70,77,64,100,39,178,179,200,134,163,169,203,218,217,217,219,137,156,146,139,168,145,131,235,214,252,237,245,242,322,256,353,55,394,0,0,-25,-22,-36,0,0,448,530,526,420,659,512,29991,29992]} 1. d4 Nf6 2. c4 g6 3. Nc3 Bg7 4. e4 d6 5. Nf3 O-O 6. Be2 e5 7. d5 a5 8. Bg5 Na6 9. Nd2 Nc5 10. b3 {E92: King's Indian: Classical: 6 Be2 e5: 7 dxe5, 7 Be3 and Petrosian System without 7...Nbd7.} Bd7 11. a3 Qc8 {[#]} 12. b4 $146 {White is slightly better.} ({Predecessor:} 12. O-O h6 13. Be3 b6 14. b4 Nb7 15. Qc2 Ne8 16. c5 bxc5 17. bxc5 dxc5 18. Nb3 c4 19. Bxc4 Nbd6 20. Bd3 {0-1 (44) Jakubek,P (2190)-Csala,J (2195) Slovakia 1999}) 12... axb4 13. axb4 Rxa1 14. Qxa1 Na6 15. Qa3 h6 16. Bh4 (16. Bxf6 $16 Bxf6 17. c5) 16... Bg4 (16... c5 $14 17. dxc6 bxc6) 17. f3 $18 Bd7 18. O-O Nh5 19. c5 {c6! is the strong threat.} dxc5 20. bxc5 {[%cal Bb4c5,Bc5c6][%mdl 32]} Nf4 21. Bxa6 bxa6 22. c6 Bh3 23. Rf2 Bxg2 24. Rxg2 Qh3 {[%csl Gf4][%cal Rh3g2] [#]} 25. Rg4 {Black must now prevent Nd1.} h5 (25... f5 $16 {might work better.} 26. Rxf4 exf4) 26. Rxf4 $1 exf4 27. Bf2 g5 28. Ne2 Qc8 29. Nc4 h4 30. e5 $2 (30. Qd3 $18) 30... h3 $2 {[%mdl 8192]} (30... Qf5 $14) 31. Kh1 $2 ({Better is} 31. Qd3 $18) 31... Qf5 $11 32. Nd4 Qb1+ 33. Bg1 {Strongly threatening Qe7.} Qf1 {[%csl Gh3][%cal Rf1g2]} (33... Re8 $5 {[%cal Rg7e5]} 34. Qxa6 g4 $11) 34. Qa2 $36 {[%mdl 2048] Threatens to win with Qe2. White has good play.} Bxe5 $2 {[%mdl 8192]} (34... Re8 $11 {and Black is okay.}) 35. Nxe5 $18 Re8 36. Ng4 {Hoping for Nf6+.} Rd8 (36... Kf8 $142 37. d6 Re1) 37. Qe2 Qa1 {[#]} (37... Qg2+ $18 38. Qxg2 hxg2+ 39. Kxg2 Kf8) 38. Qe5 $1 {Accuracy: White = 43%, Black = 34%.} 1-0